000 00604nam a22002177a 4500
003 UA-OsUOA
001 70047
007 ta
008 20100714b un ||||| |||| 00| 0 ukr d
100 _aЧистілін Д.
090 _a330(477)
_bЧ-68
942 _cSA
040 _aUA-OsUOA
_bukr
_cUA-OsUOA
_dUA-OsUOA
245 _aЄвразійське майбутнє України та Росії: інституціональний аспект
300 _aС.86-93
955 _a0
041 _aukr
080 _a330(477)
773 0 _w70043
650 7 _a330 Економіка взагалі
_2UDC
999 _c356262
_d356262